Lataa...

Monograph on crop pests of kerala and their control

Bibliografiset tiedot
Päätekijä: Nair, M R G K
Aineistotyyppi: Printed Book
Kieli:Undetermined
English
Julkaistu: Trivandrum Kerala Agricultural University 1978
Aiheet:
LEADER 00595nam a2200169Ia 4500
008 140306s9999 xx 000 0 und d
041 |a eng 
082 |a 632. 609 548 3  |b NAI 
100 |a Nair, M R G K 
245 |a Monograph on crop pests of kerala and their control 
260 |a Trivandrum  |b Kerala Agricultural University  |c 1978 
300 |a 162 
650 |a Crops-pests-kerala 
650 |a pests-rice 
942 |2 ddc  |c BK 
999 |c 53091  |d 53091 
952 |0 0  |1 0  |2 ddc  |4 0  |6 632__609000000000000_548_3_NAI  |7 0  |9 69415  |a KAUACV  |b KAUACV  |d 2004-05-17  |o 632. 609 548 3 NAI  |p KAU_ACV-23120  |r 2014-03-22  |w 2014-03-22  |y BK